Atlas de anatomía palpatoria: (Registro nro. 1736)

Detalles MARC
000 -CABECERA
Campo de control interno 00817nam a22002777a 4500
005 - FECHA Y HORA DE LA CATALOGACION
Campo de control 20260113141124.0
008 - ELEMENTOS DE LONGITUD FIJA - INFORMACION
Elementos de Longitud Fija - Informaci 260113t2024 sp ||||| |||| 00| 0 spa d
020 ## - ISBN
ISBN 978-2-294-78047-9
040 ## - ORIGEN DE LA CATALOGACION
Origen de la Catalogación Iste
041 ## - CODIGO DE LENGUAJE
Código de lenguaje del texto spa
044 ## - CODIGO ISO DE PAIS
Código ISO de País sp
082 ## - NUMERO DE CLASIFICACION CDU
Clasificacion 612:612.7
Cutter T544
100 ## - AUTOR PERSONAL
Autor Personal Tixa, Serge
Titulos u otras palabras asociadas al nombre Autor
Rol del Autor Autor
9 (RLIN) 8705
245 ## - TÍTULO GENERAL
Título Atlas de anatomía palpatoria:
Subtítulo cuello, tronco y miembro superior tomo 1
250 ## - EDICION
Edición 5a. ed.
260 ## - EDITORIAL
Ciudad - País Barcelona - España
Nombre de la Editorial Elsevier
Fecha 2024
300 ## - DESCRIPCION
Número de páginas 333 páginas,
Información descriptiva gráficos, ilustraciones, tablas.
650 ## - DESCRIPTORES - TEMAS
Temas - Descriptores CUELLO
9 (RLIN) 8706
650 ## - DESCRIPTORES - TEMAS
Temas - Descriptores TRONCO Y SACRO
9 (RLIN) 8707
650 ## - DESCRIPTORES - TEMAS
Temas - Descriptores HOMBRO
9 (RLIN) 8708
650 ## - DESCRIPTORES - TEMAS
Temas - Descriptores CODO
9 (RLIN) 8709
650 ## - DESCRIPTORES - TEMAS
Temas - Descriptores MUÑECA Y MANO
9 (RLIN) 8710
653 ## - CATEGORIAS
Categorías Secundarias TECNOLOGÍA Y CIENCIAS MÉDICAS
653 ## - CATEGORIAS
Categorías Secundarias TERAPÉUTICA
942 ## - ELEMENTOS DE KOHA
Esquema de Clasificacion Clasificación decimal universal
Tipo de Documento Libros
Catalogador Usuario Catalogador
Existencias
Estatus retirado Estado de pérdida Fuente de Clasificacion Estado de daño No para préstamo Carrera Dependencia Dependencia Estado Fecha de Adquisición Vía de adquisición Inventario Total de préstamos CDU Código de barras Visto por última vez Numero de copia o ejemplar Tipo de Item
    Clasificación decimal universal     Rehabilitación Física ISTE BG DRS ISTE BG DRS Disponible 2026-01-13 Donación BLDS03124   612:612.7 T544 BG26010016 2026-01-13 Ej. 1 Libros